Flughafencodes #2 - Statistiken

Allgemein
  • Dieses Quiz wurde 87 mal gespielt
  • Das Durchschnittsergebnis liegt bei 14 aus 15
Antwortstatistiken
Hint Antwort % Korrekt
Manila MNL
100%
Warschau WAW
100%
Madrid MAD
99%
Zürich ZRH
99%
Venedig VCE
97%
Düsseldorf DUS
96%
Palma de Mallorca PMI
96%
Brisbane BNE
95%
Dubai DXB
95%
Leipzig LEJ
95%
Abu Dhabi AUH
91%
Dallas DFW
81%
Toronto YYZ
78%
Stockholm ARN
70%
Minneapolis MSP
68%
Keine übereinstimmenden Quizze gefunden
Verteilung der Resultate
Anzahl Personen mit jedem Resultat
Perzentil nach korrekt beantworteten Fragen
Ihre Resultats-Entwicklung
Sie haben dieses Quiz noch nicht gespielt